| 000 | 00574nam a2200157Ia 4500 | ||
|---|---|---|---|
| 005 | 20240813010125.0 | ||
| 008 | 240331s9999 xx 000 0 und d | ||
| 020 | _a0721704425 | ||
| 082 |
_bNEW _a407 |
||
| 100 | _aNewson, K | ||
| 245 | 4 |
_aThe Art of English : _ba certificate coursr for secondary schools |
|
| 260 |
_aHuddersfield _bSchofield & Sims Ltd _c1982 |
||
| 300 | _a256 p ., | ||
| 500 | _aThe art in English is a five year English series foe secondary schools, comprising two parallel courses which offer the same approach with a difference of emphasis | ||
| 942 | _cL | ||
| 999 |
_c3027 _d3027 |
||